Geografía - Cierto o Falso #2 - Estadísticas

Estadísticas generales
  • Esta prueba ha sido intentada 11.443 veces
  • La puntuación promedio es 12 de 18
Estadísticas de respuestas
Pregunta Respuesta % Correcto
Todos los países del mundo tienen una bandera rectangular Falso
92%
Más del 75% de los 20 países más pobres del mundo están en África (PIB per cápita) Cierto
87%
Sidney es la capital de Australia Falso
87%
Brasilia es una ciudad costera Falso
79%
El hindi es la lengua más hablada en la India Cierto
76%
Más de 80% de los neerlandeses hablan inglés Cierto
75%
Ningún país emite más dióxido de carbono que EE.UU. Falso
75%
El meridiano de Greenwich pasa por Londres Cierto
72%
Nápoles se encuentra al norte de Roma Falso
72%
La mayoría de los Polacos son católicos Cierto
70%
Francia tiene una tasa de desempleo superior a la de España Falso
67%
Venezuela es el país con más reservas de petróleo del mundo Cierto
64%
La mayoría de los Turcos son laicos desde la caída del Imperio Otomano Falso
61%
La moneda de Perú es el peso Falso
58%
Tenerife es la isla más grande de España Falso
49%
La sede de las Naciones Unidas está en Nueva York Cierto
47%
Florida es el estado más meridional de EE.UU. Falso
46%
La Plata es una de las provincias de Argentina Falso
26%
No se encontraron pruebas coincidentes
Distribución de puntuación
Porcentaje de gente con cada puntuación
Porcentaje por número respondido
Historial de tus puntuaciones
No has intentado esta prueba.